Typologie inovačního procesu ve službách

Základná charakteristika sektoru služieb. Znaky služieb. Inovácie v službách a v spracovateľskom priemysle. Výskum a vývoj v podnikoch. Náklady na inovácie. Trhová orientácia inovačného podniku.

Enregistré dans:
Détails bibliographiques
Auteur principal: Pazour, Michal
Format: Chapitre de livre
Langue:tchèque
Sujets:
Tags: Ajouter un tag
Pas de tags, Soyez le premier à ajouter un tag!

MARC

LEADER 00000naa$a2200000$$$4500
001 0088823
005 20231019131503.3
041 0 |a cze 
044 |a CZ 
245 1 0 |a Typologie inovačního procesu ve službách  |c Michal Pazour 
520 |a Základná charakteristika sektoru služieb. Znaky služieb. Inovácie v službách a v spracovateľskom priemysle. Výskum a vývoj v podnikoch. Náklady na inovácie. Trhová orientácia inovačného podniku. 
610 2 0 |a služby 
610 2 0 |a inovácia 
610 2 0 |a podnik 
610 2 0 |a priemysel spracovateľský 
610 2 0 |a typológia 
610 2 0 |a sektor terciárny 
100 1 |a Pazour, Michal